00354nam a22001457a 450000500170000000800410001702000180005804100080007608200120008410000180009624500290011426000370014330000080018065000200018820260413112217.0160629b xxu||||| |||| 00| 0 eng d a81-85986-08-8 aeng a823 NAR aNarayan, R.K. aThe Man-Eater of Malgudi bIndian Thought Publicationc2004 a183 aEnglish fiction